An introduction to knowledge economiy concepts and issues : second edition

Bibliographic Details
Main Author: Sayed, Hossain
Other Authors: Cheng Ming Yu
Format: Book
Published: Kuala Lumpur : McGraw- Hill , 2004
Subjects:

MARC

LEADER 00000cam a2200000 7i4500
001 0000024675
005 20090108.0
008 090108
020 |a 9832679893 
090 0 0 |a 330.9   |b SAY 
100 0 |a Sayed, Hossain 
245 1 0 |a An introduction to knowledge economiy concepts and issues :   |b second edition   |c Sayed Hossian, Cheng Ming Yu 
260 |a Kuala Lumpur :   |b McGraw- Hill ,   |c 2004 
650 0 |a Information sociaty   |z Malaysia 
650 0 |a Information technology   |x Economic aspect   |z Malaysia 
650 0 |a Intellectual capital   |z Malaysia 
650 0 |a Knowledge management   |z Malaysia 
700 0 |a Cheng Ming Yu 
999 |a 0001038963   |b Book   |c Adult Collection   |e Perbadanan Perpustakaan Awam Johor